000
00400nam a22001097a 4500
082
_a
741.642
100
_a
सविता शेखर
_9
83482
245
_a
Let us Learn Correct English आओ शुद्ध अंग्रेजी सीखें
260
_a
दिल्ली
_b
तेजस बुक डिपो
_c
2016
650
_a
चिल्ड्रन बुक
942
_c
HIN
999
_c
68412
_d
68412